000 00603nam a2200193Ia 4500
999 _c3650
_d3650
003 GBCCL
005 20241126110459.0
008 171130b xxu||||| |||| 00| 0 eng d
040 _cgbc
082 _aVER 224.207
_bLUA
100 _aLuaichinthang
_97248
245 _aJawlnei Jeremia Laibu Bung 1-20 /
_cLuaichinthang
260 _bEvangelical Baptist Convention,
_aNew Lamka:
_c2004
300 _a195p.;
_c20 cm.
440 _aSaptuam' Laisiangthou Hilhchetna
_97247
650 _aBible
_vOld Testament
_xJeremiah
_yCommentary
_97250
650 _aSunday School
_vAdult
_97246
942 _e1ST ED
_2ddc
_cBK
_04